| 000 | 00909cam a22002533a 4500 | ||
|---|---|---|---|
| 001 | 2545 | ||
| 003 | PGUSA | ||
| 005 | 20140828083016.0 | ||
| 008 | 010301s2001||||xxu|||||s|||||000 1 eng d | ||
| 040 |
_aPGUSA _beng |
||
| 042 | _adc | ||
| 050 | 4 | _aPS | |
| 100 | 1 |
_aLondon, Jack, _d1876-1916 |
|
| 245 | 1 | 0 |
_aWhen God Laughs, and other stories _h[electronic resource] / _cJack London |
| 260 |
_bProject Gutenberg, _c2001 |
||
| 505 | 0 | _aWhen God laughs -- The apostate -- A wicked woman -- Just meat -- Created He them -- The Chinago -- Make westing -- Semper idem -- A nose for the king -- The "Francis Spaight" -- A curious fragment -- A piece of steak | |
| 506 | _aPublic domain in the USA. | ||
| 516 | _aElectronic text | ||
| 653 | _aAmerican fiction -- 20th century | ||
| 653 | _aShort stories | ||
| 830 | 0 |
_aProject Gutenberg _v2545 |
|
| 856 | 4 | 0 | _uhttp://www.gutenberg.org/ebooks/2545 |
| 942 | _cEB | ||
| 999 |
_c231882 _d231882 |
||